0142-札幌市(北海道)の駅 - Statistics

General Stats
  • This quiz has been taken 4 times
  • The average score is 62 of 105
Answer Stats
Answer % Correct
手稲
100%
琴似
100%
札幌
100%
白石
100%
さっぽろ
100%
北12条
100%
北24条
100%
ほしみ
67%
星置
67%
稲穂
67%
稲積公園
67%
発寒
67%
発寒中央
67%
桑園
67%
苗穂
67%
厚別
67%
森林公園
67%
上野幌
67%
新札幌
67%
平和
67%
八軒
67%
新琴似
67%
太平
67%
百合が原
67%
篠路
67%
拓北
67%
あいの里教育大
67%
あいの里公園
67%
麻生
67%
大通
67%
すすきの
67%
中島公園
67%
幌平橋
67%
中の島
67%
平岸
67%
南平岸
67%
澄川
67%
自衛隊前
67%
真駒内
67%
栄町
67%
新道東
67%
元町
67%
環状通東
67%
東区役所前
67%
豊水すすきの
67%
学園前
67%
美園
67%
月寒中央
67%
福住
67%
宮の沢
67%
発寒南
67%
二十四軒
67%
バスセンター前
67%
菊水
67%
大谷地
67%
ひばりが丘
67%
新さっぽろ
67%
西11丁目
67%
北13条東
67%
南郷13丁目
67%
北18条
67%
西18丁目
67%
南郷18丁目
67%
西28丁目
67%
北34条
67%
西4丁目
67%
西8丁目
67%
新川
33%
豊平公園
33%
円山公園
33%
東札幌
33%
中央区役所前
33%
ロープウェイ入口
33%
電車事業所前
33%
中央図書館前
33%
幌南小学校前
33%
東本願寺前
33%
資生館小学校前
33%
狸小路
33%
西線14条
33%
西15丁目
33%
西線16条
33%
西線6条
33%
南郷7丁目
33%
西線9条旭山公園通
33%
石山通
0%
東屯田通
0%
静修学園前
0%
行啓通
0%
中島公園通
0%
西線11条
0%
山鼻19条
0%
山鼻9条
0%
No matching quizzes found
Score Distribution
Percent of People with Each Score
Percentile by Number Answered
Your Score History
You have not taken this quiz